Statistics for Every NFL Teams All-Time Postseason Passer

Click here to take the quiz!

General Stats

  • This quiz has been taken 24 times
  • The average score is 28 of 32

Answer Stats

TeamYardsQB% Correct
GBP5,894Aaron Rodgers
100%
MIA4,510Dan Marino
100%
NYG2,815Eli Manning
100%
BUF3,863Jim Kelly
100%
SFF4,758Joe Montana
100%
DEN4,964John Elway
100%
IND5,389Peyton Manning
100%
SEA3,786Russell Wilson
100%
NEP11,388Tom Brady
100%
TBB2,012Tom Brady
100%
PIT5,972Ben Roethlisberger
95%
HOU870Deshaun Watson
95%
PHI3,752Donovan McNabb
95%
NOS5,047Drew Brees
95%
BAL3,223Joe Flacco
95%
ARI1,731Kurt Warner
95%
LAR2,221Kurt Warner
95%
DET908Matthew Stafford
95%
ATL2,672Matt Ryan
95%
KAN5,135Patrick Mahomes
95%
LAC2,656Philip Rivers
95%
DAL3,849Troy Aikman
95%
MIN1,803Fran Tarkenton
90%
TEN2,578Warren Moon
90%
CIN1,826Joe Burrow
81%
WAS1,782Joe Theismann
76%
JAX1,525Mark Brunell
71%
CHI967Jim McMahon
67%
CAR1,847Jake Delhomme
62%
LVR2,398Ken Stabler
62%
CLE1,860Bernie Kosar
43%
NYJ1,166Chad Pennington
43%

Score Distribution

Percentile by Number Answered

Percent of People with Each Score

Your Score History

You have not taken this quiz